| 000 | 01141cam a2200313 i 4500 | ||
|---|---|---|---|
| 001 | 16487512 | ||
| 003 | OSt | ||
| 005 | 20160804124822.0 | ||
| 008 | 101004t20122012caua 000 0 eng | ||
| 010 | _a 2010938455 | ||
| 020 | _a9781111574093 (pbk.) | ||
| 040 |
_aDLC _beng _erda _cDLC |
||
| 042 | _apcc | ||
| 050 | 0 | 0 |
_aQA152.3 _b.B73 2012 |
| 100 | 1 |
_aBracken, Laura, _eauthor. |
|
| 245 | 1 | 0 |
_aElementary algebra / _cLaura J. Bracken, Lewis-Clark State College, Edward S. Miller, Lewis-Clark State College. |
| 250 | _aClass test edition. | ||
| 264 | 1 |
_aBelmont, CA : _bBrooks/Cole, Cengage Learning, _c[2012] |
|
| 264 | 4 | _c©2012 | |
| 300 |
_axiii, 729, APP38, ANS37 pages : _billustrations (chiefly color) ; _c28 cm |
||
| 336 |
_atext _btxt _2rdacontent |
||
| 337 |
_aunmediated _bn _2rdamedia |
||
| 338 |
_avolume _bnc _2rdacarrier |
||
| 650 | 0 |
_aAlgebra _vTextbooks. |
|
| 700 | 1 |
_aMiller, Edward S. _c(Professor of mathematics), _eauthor. |
|
| 906 |
_a7 _bcbc _corignew _d3 _eepcn _f20 _gy-gencatlg |
||
| 942 |
_2lcc _cBOOKS |
||
| 999 |
_c12487 _d12487 |
||